| 000 | 00703nam a2200217Ia 4500 | ||
|---|---|---|---|
| 001 | 15200 | ||
| 003 | GE_BSU | ||
| 008 | 181216s||||||||xx |||||||||||||| ||und|| | ||
| 040 | _cGE_BSU | ||
| 080 | _a821.353.1-1 | ||
| 100 | _aშანიძე,ალექსანდრე | ||
| 245 | _aსიყვარულმა მათქმევინა | ||
| 245 | _bლექსები | ||
| 245 | _cრედ:ხუტა ბერულავა;მხატვ:ი.ჯანაშვილი | ||
| 260 | _aთბილისი. | ||
| 260 | _bსაბჭოთა მწერალი | ||
| 260 | _c1955 | ||
| 300 | _a108გვ;18სმ. | ||
| 653 | _aლექსები | ||
| 942 | _cBK | ||
| 999 |
_c48312 _d48312 |
||